Movies Quiz

Random Movies or Clickable Quiz
Score 0/24 Timer 09:00
0 Plays Today
% Correct
Jurassic Park (92%)
91.5%
Titanic (88%)
91%
Ghostbusters (96%)
88.7%
Chicago (87%)
85.5%
Much Ado About Nothing (91%)
85.3%
Back to the Future (96%)
82.6%
Moneyball (94%)
82.2%
Tangled (90%)
80.4%
The Empire Strikes Back (96%)
78.6%
GoldenEye (82%)
74.1%
The Princess Bride (97%)
73.7%
Borat (91%)
72.2%
% Correct
The Matrix (87%)
69.1%
Skyfall (92%)
68.7%
The Dark Knight (94%)
65%
The Princess and the Frog (84%)
63.9%
Full Metal Jacket (94%)
63%
Hot Fuzz (91%)
61.2%
Indiana Jones and the Last Crusade (88%)
53.7%
WALL-E (96%)
51.3%
Shrek (89%)
44.6%
Terminator 2: Judgment Day (92%)
31.4%
Superman (93%)
26.5%
Die Hard (92%)
26.3%
Remove Ads.
Support Sporcle.
Get the best of Sporcle when you Go Orange. This ad-free experience offers more features, more stats, and more fun while also helping to support Sporcle. Thank you for becoming a member.

You're not logged in!

Compare scores with friends on all Sporcle quizzes.
OR
Log In

Show Comments

Extras

Top Quizzes Today


Score Distribution

Your Account Isn't Verified!

In order to create a playlist on Sporcle, you need to verify the email address you used during registration. Go to your Sporcle Settings to finish the process.

Report this User

Report this user for behavior that violates our Community Guidelines.

Details: